00320nam a2200133Ia 4500008004100000020001500041041001200056082001600068100001600084245002000100260004100120300001000161650001500171221030s9999 xx 000 0 und d a8185749183 aEnglish a105.23bKum aD. S. Kumar 0aFluid Mechanics bS.K. Kataria & SonsaNew Delhic2001 a18.22 aMechanical